| 000 | 00948cac a22002531u 4500 | ||
|---|---|---|---|
| 090 | _c9059 | ||
| 008 | 081105t1999 xxu||||| |||| 00| 0 eng d | ||
| 010 | _a98055909 | ||
| 020 | _a0071342672 (alk. paper) | ||
| 082 | 0 | 0 |
_a150.92 _aB _bHOF |
| 100 | _aHoffman, Edward, | ||
| 245 | 1 | 4 |
_aThe right to be human : a biography of Abraham Maslow / _cEdward Hoffman. |
| 250 | _aRev. and updated | ||
| 260 |
_aNew York : _bMcGraw-Hill, _cc1999. |
||
| 300 |
_axvi, 377 p. : _bill. ; _c23 cm. |
||
| 500 | _aOriginally published: Los Angeles : J.P. Tarcher ; New York : Distributed by St. Martin's Press, c1988. | ||
| 500 | _aDistributer: Al-Ahram. | ||
| 504 | _aIncludes bibliographical references (p. 331-343) and index. | ||
| 511 | _aCatalogued By: Mahitab. | ||
| 600 | 1 | 0 | _aMaslow, Abraham H. |
| 650 | 0 |
_aPsychologists _zUnited States _xBiography. |
|
| 942 |
_cBB _k150.92HOF _2ddc |
||
| 999 |
_c9059 _d9059 |
||